Music Quiz

Random Music or Kpop Quiz

Guess the kpop song (Hard) Quiz Stats

Quiz not verified by Sporcle

Also try: 4-Letter Hit Songs
Challenge
Share
Tweet
https://soundcloud.com/ally-dot-dot-dot/kpop-song-quiz-hard
Score 0/30 Timer 15:00
0 Plays Today
SONG % Correct
Bling bling
90.9%
365 fresh
60.6%
Highlight
59.2%
B-day
55.4%
Shangri-la
53.7%
Critical beauty
50.5%
Cherry bomb
50.5%
Shine forever
49.8%
Can you feel it
46.3%
Easy love
46%
That's my jam
45.6%
Baby don't like it
35.5%
MAMA
35.5%
Whiplash
33.4%
Roar
32.1%
SONG % Correct
Show time
27.9%
Only you
27.5%
Born to be wild
27.5%
Hello hello
26.8%
Never
26.5%
Love me do
23.3%
Love is...
23%
Back hug
20.9%
Open up
20.9%
It's raining
19.2%
Flower (You)
18.1%
Love affair
11.1%
Mariya
9.4%
Wild boy
3.5%
It's secret
1.7%

You're not logged in!

Compare scores with friends on all Sporcle quizzes.
Join for Free
OR
Log In

You Might Also Like...

Show Comments

Extras

Top Quizzes Today


Score Distribution

Your Account Isn't Verified!

In order to create a playlist on Sporcle, you need to verify the email address you used during registration. Go to your Sporcle Settings to finish the process.

Report this User

Report this user for behavior that violates our Community Guidelines.

Details: